000 00861cam a2200241 a 4500
020 _a9780805321876 (v. 1)
020 _a080532187X (v. 1)
020 _a9780321500762 (v. 2)
020 _a0321500768 (v. 2)
020 _a9780321500779 (v. 3)
020 _a0321500776 (v. 3)
050 0 0 _aQC21.3
_b.Y68 2008
100 1 _aYoung, Hugh D.
245 1 0 _aStudent solutions manual, volume one: chapters 1-20, Sears and Zemansky's University physics with modern physics /
_cHugh D. Young, Roger A. Freedman ; contributing author, A. Lewis Ford.
250 _a12th ed. /
260 _aSan Francisco :
_bPearson Addison-Wesley,
_cc2008.
300 _a1 v. (various pagings) :
650 _xPhysics.
700 1 _aFreedman, Roger A.
700 1 _aSears, Francis Weston,
856 4 1 _uhttp://www.loc.gov/catdir/toc/ecip072/2006032537.html
942 _2lcc
_cGEN
999 _c9691
_d9691